000 00314nam a2200121Ia 4500
005 20251222144756.0
008 251222s9999||||xx |||||||||||||| ||spa||
082 _a070.194/G57
100 _aGogin Sias, Paul
245 0 _aPeriodismo Radial II
264 _bEscuela de Periodismo Jaime Bausate y Mesa
942 _cLIB
999 _c19525
_d19525